000
00238nam a2200097Ia 4500
008
170619s9999 xx 000 0 und d
100
_a
Schneider- R D
245
0
_a
MYSQL DATABASE DESIGN AND TUNING
260
_b
Pearson Education
260
_c
2006
546
_a
ENGLISH
999
_c
18805
_d
18805